000 00254nam a2200097Ia 4500
001 1045095
005 20250826232152.0
008 250824s9999 xx 000 0 und d
245 0 _aCEMİL MERİÇ KONUŞUYOR
_cMUSTAFA ARMAĞAN
260 _bKETEBE YAYINLARI
999 _c1045095
_d1045095